| 000 | 00620nam a2200181 i 4500 | ||
|---|---|---|---|
| 001 | 87730 | ||
| 003 | ES-MaACL | ||
| 005 | 20230906175728.0 | ||
| 007 | t| | ||
| 008 | 041223s1952 sp ||||1| spa d | ||
| 100 | 1 |
_aLa Bigne de Villeneuve, Marcel de. _969130 |
|
| 245 | 1 | 0 |
_aSatanás en la ciudad _b: = (Satans dans la cité) / _cMarcel de La Bigne de Villeneuve ; traducción, prólogo y notas de María Zamanillo. |
| 260 |
_aSevilla : _bCatólica Española, _c1952. |
||
| 300 |
_a211 p. ; _c18 cm. |
||
| 700 | 1 |
_aZamanillo, María. _9117889 |
|
| 740 | 0 | _aSatan dans le cité. | |
| 852 |
_aES-MaACL _jD-9195 _bR.33991 |
||
| 999 |
_c87730 _d87730 |
||